| 000 | 00530nam a2200205Ia 4500 | ||
|---|---|---|---|
| 008 | 230125s9999 xx 000 0 und d | ||
| 020 | _a978-81-314-2226-7 | ||
| 041 | _aeng | ||
| 082 |
_a658.8 _bSAN |
||
| 100 |
_aSangeetha K, Ed. _9108183 |
||
| 245 | _aBuzz Marketing : Concepts and Cases | ||
| 260 |
_c2009 _bICFAI publication _aHyderabad |
||
| 300 | _a144p | ||
| 440 | _aICFAI | ||
| 500 | _amarketing | ||
| 650 | _aMarketing Management | ||
| 700 |
_aSangeetha K, Ed. _9108183 |
||
| 906 | _b97 | ||
| 999 |
_c85000 _d85000 |
||